| 000 | 01221cam a22002653a 4500 | ||
|---|---|---|---|
| 001 | 4337 | ||
| 003 | PGUSA | ||
| 005 | 20140828083052.0 | ||
| 008 | 030801s2003||||xxu|||||s|||||000 | eng d | ||
| 040 |
_aPGUSA _beng |
||
| 042 | _adc | ||
| 050 | 4 | _aRA | |
| 100 | 1 |
_aCall, Annie Payson, _d1853-1940 |
|
| 245 | 1 | 0 |
_aPower Through Repose _h[electronic resource] / _cAnnie Payson Call |
| 260 |
_bProject Gutenberg, _c2003 |
||
| 505 | 0 | _aThe guidance of the body -- Perversions in the guidance of the body -- Rest in sleep -- Other forms of rest -- The use of the brain -- The brain in its direction of the body -- The direction of the body in locomotion -- Nervous strain in pain and sickness -- Nervous strain in the emotions -- Nature's teaching -- The child as an ideal -- Training for rest -- Training for motion -- Mind training -- Artistic considerations -- Tests -- The rational care of self -- Our relations with others -- The use of the will -- Summing up. | |
| 506 | _aPublic domain in the USA. | ||
| 516 | _aElectronic text | ||
| 653 | _aRest | ||
| 653 | _aNervous system | ||
| 653 | _aMental health | ||
| 830 | 0 |
_aProject Gutenberg _v4337 |
|
| 856 | 4 | 0 | _uhttp://www.gutenberg.org/ebooks/4337 |
| 942 | _cEB | ||
| 999 |
_c233666 _d233666 |
||